| 000 | 00352nam a2200145Ia 4500 | ||
|---|---|---|---|
| 008 | 150201s2000 xx 000 0 und d | ||
| 082 |
_a617.7 _bR00N |
||
| 100 | _aNEMA. H.V. | ||
| 245 | _aRECENT ADVANCES IN IOPHTHALMOLOGY-5 | ||
| 250 | _a1ST | ||
| 260 |
_bJAYPEE BROTHERS _aDELHI _c2000 |
||
| 300 | _a1-156 | ||
| 650 | _aOPHTHALMOLOGY | ||
| 942 |
_2ddc _cBK |
||
| 999 |
_c115 _d115 |
||